000 01035nam0a2200301 4500
001 RU\NLR\bibl\1428822
005 20250615221014.0
010 _a978-5-94743-658-7
_95000
021 _aRU
_b2009-68755
_94254
035 _a(nilc)RSL-KNO-004377323
035 _a(NLR Aleph) 001420741
090 _a1341054
_c1341054
100 _a20090820d2009 |||y0rusy50 ca
101 0 _arus
102 _aRU
105 _ay |||||||||
200 1 _aРассказы для детей
_e[для среднего школьного возраста]
_fБ. Житков
_gхудож. И. Цыганков
210 _aМосква
_cКниги "Искателя"
_d2009
215 _a61, [2] с.
_d22
225 1 _aБиблиотечка школьника
686 _aШ9(2)6=Р72-471
_2rubbk
700 1 _aЖитков
_bБ. С.
_f1882-1938
_gБорис Степанович
_4070
801 0 _aRU
_bРГБ
_c20090820
_gRCR
801 1 _aRU
_bРГБ
_c20090820
801 2 _aRU
_bNLR
_c20091022
_grcr
942 _cBOOK
980 _aNB